| 000 | 01421nam a22002297a 4500 | ||
|---|---|---|---|
| 999 |
_c57830 _d57830 |
||
| 003 | Ge_BSU | ||
| 005 | 20221221151432.0 | ||
| 008 | 210121s2020 ge ||||| |||| 00| 0 geo d | ||
| 041 | _ageo | ||
| 080 | _a581.9(479.22) ჯ-33 | ||
| 100 |
_aჭეიშვილი, თამარ _910070 |
||
| 245 |
_a"იმერეთის რეგიონის ფლორის ენდემების მრავალფეროვნება, საფრთხეები, კონსერვაცია და გონივრული გამოყენება" : _bსადოქტორო ნაშრომი / _cსამეცნ. ხელმძღვ. იზოლდა მაჭუტაძე; ბსუ. საბუნებისმეტყველო მეცნიერებათა და ჯანდაცვის ფაკ-ტი. |
||
| 264 |
_aბათუმი, _c2020. |
||
| 300 |
_a138 გვ. _b30 სმ. |
||
| 653 | _aბიოლოგია | ||
| 653 | _aფლორა | ||
| 653 | _aდისერტაცია | ||
| 700 |
_aმაჭუტაძე, იზოლდა _eსამეცნ. ხელმძღვანელი _910071 |
||
| 710 |
_aბსუ. _910072 |
||
| 710 |
_aსაბუნებისმეტყველო მეცნიერებათა და ჯანდაცვის ფაკ-ტი. _99940 |
||
| 942 |
_2udc _cDS |
||